Becky Hill Charting Songs (Billboard Hot Dance) - Statistics

General Stats
  • This quiz has been taken 63 times
    26 since last reset
  • The average score is 6 of 16
Answer Stats
Album Weeks On Peak Artist(s) Song % Correct
Get to Know 26 Weeks #4 MEDUZA x Becky Hill x GOODBOYS Lose Control
75%
Only Honest on the Weekend 26 Weeks #8 Becky Hill & David Guetta Remember
70%
Only Honest on the Weekend (Deluxe) and Everything I Didn't Say and More 20 Weeks #12 David Guetta, Becky Hill & Ella Henderson Crazy What Love Can Do
55%
Get to Know and Every Cloud 20 Weeks #32 Sigala & Becky Hill Wish You Well
55%
Only Honest on the Weekend (Deluxe) and Another Friday Night 7 Weeks #30 Joel Corry & Becky Hill HISTORY
50%
Believe Me Now? 6 Weeks #20 Becky Hill & Lewis Thompson Side Effects
45%
Believe Me Now? 2 Weeks #34 Becky Hill Disconnect
40%
Get to Know 16 Weeks #33 Oliver Heldens & Becky Hill Gecko (overdrive)
40%
Only Honest on the Weekend (Deluxe) 18 Weeks #17 Becky Hill + Galantis Run
35%
Get to Know 20 Weeks #16 Matoma & Becky Hill False Alarm
30%
Get to Know 5 Weeks #30 MK & Becky Hill Piece of Me
30%
Only Honest on the Weekend 20 Weeks #23 Becky Hill ft. Topic My Heart Goes (La Di Da)
25%
Get to Know 5 Weeks #32 MK, Jonas Blue & Becky Hill Back & Forth
20%
Only Honest on the Weekend 2 Weeks #46 Becky Hill & Sigala. Heaven on My Mind
20%
Only Honest on the Weekend 4 Weeks #46 Becky Hill ft. Shift K3Y Better Off Without You
15%
The London Sessions 6 Weeks #24 Tiesto & Becky Hill Nothing Really Matters
5%
No matching quizzes found
Score Distribution
Percent of People with Each Score
Percentile by Number Answered
Your Score History
You have not taken this quiz since the last reset